Dafnis i Cloe : cos, sensualitat i sexualitat / Frederic Boix, Pere Font cos, sensualitat i sexualitat / Frederic Boix, Pere Font
Publicado:
Barcelona :
Graó : Servei d' Ensenyament i Investigació de la Diputació de Barcelona ,
1985
Descripción Física:
58 p. : il. ; 20 x 21 cm
Colección:
Biblioteca de la classe ; 9
Otros Autores:
Font, Pere (Font Grassa)
Materias:
Educació sexual per a infants
MARC
| LEADER | 00000nam a2200000Ia 4500 | ||
|---|---|---|---|
| 001 | 1931 | ||
| 008 | 160829s1985 xx 000 0 cat d | ||
| 080 | |a C-1-586 | ||
| 100 | |a Boix, Frederic |9 26079 | ||
| 245 | |a Dafnis i Cloe : |b cos, sensualitat i sexualitat / Frederic Boix, Pere Font | ||
| 260 | |a Barcelona : |b Graó : |b Servei d' Ensenyament i Investigació de la Diputació de Barcelona, |c 1985 | ||
| 300 | |a 58 p. : |b il. ; |c 20 x 21 cm | ||
| 490 | |a Biblioteca de la classe ; 9 | ||
| 650 | |a Educació sexual per a infants |9 26080 | ||
| 700 | 1 | |a Font, Pere |q (Font Grassa) |9 37808 | |
| 710 | 1 | |a Barcelona (Catalunya : Província). |b Servei d'Ensenyament i Investigació |9 54366 | |
| 901 | |a Arxiu | ||
| 942 | |n 1 | ||
| 952 | |0 0 |1 0 |4 0 |6 C1586 |7 1 |9 43875 |a Arxiu |b Arxiu |d 2016-12-01 |l 0 |o C-1-586 |p 1931 |r 2016-12-01 00:00:00 |w 2016-12-01 |y ARXIU | ||
| 999 | |c 46455 |d 46455 | ||